000 02503cam a22005054i 4500
003 PE-LiUPU
005 20250731165510.0
008 180131s2016 mx r 000 0 spa d
020 _a9786071726445
035 _a(Sirsi) a241143
082 0 4 _a001.42
_bE98
_223
100 1 _aMaurice Eyssautire de la Mora,
_eautor.
245 _aMetodología y técnicas de investigación en ciencias aplicadas :
_bdesarrollo de la inteligencia /
_cMaurice Eyssautier de la Mora.
250 _aPrimera edición.
264 1 _aMéxico :
_bTrillas,
_c2016
300 _a247 páginas :
_bilustraciones ;
_c27 centímetros
336 _atext
_2rdacontent
337 _aunmediated
_2rdamedia
338 _avolume
_2rdacarrier
504 _aBibliografía : páginas 245-247.
505 0 _aMetódica intelectual y la inteligencia -- Conocimiento científico y pensamiento lógico -- Ciencia, métodos y técnicas de investigación, en sus fundamentos .. El método científico de investigación -- La investigación científica y las etapas del proceso investigador -- El tema de la investigación (u objeto del estudio) y el planteamiento del problema -- La información y el acopio de antecedentes de la investigación -- Variables científicas y marco teórico de trabajo -- Hipótesis científica -- Métodos y técnicas de investigación en ciencias administrativo-contable -- Recopilación de datos de una investigación cuantitativa, planeación de la muestra y muestreo -- Tratamiento, procesamiento, análisis de datos y síntesis de la información -- Comunicación efectiva -- Presentación final de trabajos de investigación.
526 _aSEG44
526 _aSEG26
526 _aP151
526 _aP150
526 _aP149
526 _aP146
526 _aP145
526 _aP126
526 _aP125
526 _aP92
526 _aP75
526 _aP74
526 _aP27
526 _aP15
541 _g0001-0042355;
650 0 4 _aInvestigación - Metodología.
650 0 4 _aTecnología - Metodología.
650 0 4 _aResearch - Methodology.
650 0 4 _aTechnology - Methodology.
910 _adbm
_bebj
_cebj
_d20180130
596 _a1
942 _2ddc
_cBOOK
999 _a001.42 E98
_wDEWEY
_c26783
_i78239
_d26783
_e2019-2-12
_f2021-11-4
_g4
_lCCODEBUL1
_mBUL
_n1
_p27.36
_q2
_r0
_sY
_tBOOK
_u2018-1-31
_xBIBLIOTECA
_PP27
_0COMPRA
_o.STAFF. Colección Ingeniería y Arquitectura
980 _81
_gALBERTO SANCHEZ Responsable de Automatización